000 00638nam a2200217Ia 4500
003 GCL
008 140319s9999 xx 000 0 ara d
040 _aGCL /
_cGCL
082 0 4 _a371
_bج م
100 1 _aجون ديوى
245 1 0 _aمدارس المستقبل /
_cجون ديوى
700 1 _aايفلين ديوى
700 1 _aعبدالفتاح المنياوى
260 _a[S.N] :
_bمكتبة النهضة المصرية
490 _a
650 0 4 _aالتربية
650 0 4 _aالمدرسة والمجتمع
650 0 4 _aالاشراف المدرسى
650 0 4 _aالمدارس مناهج
942 _2ddc
_cBK
999 _c54577
_d54577